| 000 | 00951nam a22002537a 4500 | ||
|---|---|---|---|
| 005 | 20090504104614.0 | ||
| 008 | 090504t xxu||||| |||| 00| 0 eng d | ||
| 010 | _aENG-93402 | ||
| 020 |
_a8189886479 _c1300.00 |
||
| 020 |
_a9788189886479 _c1300.00 |
||
| 035 | _aEN-76935 | ||
| 037 | _bDBAD / PUB | ||
| 040 |
_adpl _bEnglish |
||
| 082 | _a338.17372 | ||
| 100 | _aBanerjee, G.D. | ||
| 245 |
_aTea industry: _cby G.D. Banerjee [and] Srijeet Banerji _ba road map ahead / |
||
| 260 |
_aDelhi _bAbhijeet Publications _c2008 |
||
| 270 |
_a2/46 Tukhmeerpur Extension _bDelhi _e110094 |
||
| 300 |
_axix, 564p. _c22cm (Hb) |
||
| 500 | _aIncludes bibliographical references | ||
| 700 | _aBanerji, Srijeet | ||
| 942 |
_2ddc _cEN _mBAN _h338.17372 |
||
| 999 |
_c26048 _d26048 |
||